00578nam a2200205Ia 4500003000900000005001700009008004100026040001300067040001300080041000800093100002100101245012100122250002200243260002300265260000900288300001100297300002400308490003300332490000700365IT-RoPAU20220918175835.0120407s9999 xx 000 0 und d aIT-RoPAU cIT-RoPAU aita aJoseph Ratzinger aIl sale della terra. Il nuovo “Rapporto sulla Fede”. Cristianesimo e Chiesa cattolica nella svolta del millennio aCinisello Balsamo aSan Paolo Edizioni c1997 a322 p. c20 (brossura) cm aCollana: Interviste Verità v15